000 01108nam a22003137a 4500
003 CHAP
005 20220329135125.0
008 971013s1992 r 00010 d
010 _a31307
011 _a32279
035 _a36392
040 _cCHAP
090 _aFolleto 13719 (1992)
110 _aINIFAP. México. Campo Agrícola Experimental La Laguna
_958739
245 _aDía del melonero (3o.)
260 _aMatamoros, Coah. :
_bINIFAP,
_c1992
300 _a37 p.
490 _aINIFAP. Campo Agrícola Experimental La Laguna. Publicación especial
_v; 43
590 _aBATCH-UPD
_b10
_c20130110
_lUCH01
_h2023
590 _aBATCH-UPD
_b10
_c20130410
_lUCH01
_h1340
590 _aBATCH-UPD
_b10
_c20130914
_lUCH01
_h1810
590 _aCONVERSION
_b10
_c20130109
_lUCH01
_h1318
650 1 4 _aMelón
_xComarca Lagunera.
_974443
830 0 _aINIFAP. Campo Agrícola Experimental La Laguna. Publicación especial
_v; 43
_958643
901 _aBK
942 _cFOLL
949 _aFolleto 13719 (1992)
_bBC
_cFOLL
_d-139544
_eTS2
_fc.2
_i36392
_si
949 _aFolleto 13719 (1992)
_bBC
_cFOLL
_d-83904
_eTS1
_i36392
_si
999 _c31307
_d31307